ბათუმის შოთა რუსთაველის სახელმწიფო უნივერსიტეტის ბიბლიოთეკა

კაციჭამიათა საბედნიეროდ : (ბიბ.ჩანაწერი № 48593)

000 -ლიდერი
ფიქსირებული სიგრძის საკონტროლო ველი 01415nam a2200265Ia 4500
001 - საკონტროლო ნომერი
საკონტროლო ველი 15493
003 - საკონტროლო ნომრის იდენტიფიკატორი
საკონტროლო ველი GE_BSU
005 - ბოლო ოპერაციის თარიღი და დრო
საკონტროლო ველი 20241125170522.0
008 - ფიქსირებული სიგრძის მონაცემთა ელემენტები - ზოგადი ინფორმაცია
ფიქსირებული სიგრძის საკონტროლო ველი 181216s2014||||ge |||||||||||||| ||geo||
020 ## - წიგნის საერთაშორისო სტანდარტული ნომერი
International Standard Book Number 9789941928352
040 ## - კატალოგიზაციის წყარო
Transcribing agency GE_BSU
041 ## - ენის კოდი
Language code of text/sound track or separate title geo
080 ## - უნივერსალური ათობითი კლასიფიკაციის ინდექსი
Universal Decimal Classification number 821.133.1-31 პ-27
100 ## - მთავარი ჩანაწერი - პიროვნების სახელი
Personal name პენაკი, დანიელ
9 (RLIN) 13731
245 ## - ცნობა სათაურის შესახებ
Title კაციჭამიათა საბედნიეროდ :
Remainder of title რომანი /
Statement of responsibility, etc დანიელ პენაკი ; ფრანგ. თარგმნა მანანა ბოსტოღანაშვილმა ; ყდის დიზაინი ნინო ხოსრუაშვილი.
264 ## - წარმოების, გამოცემის, დისტრიბუციის და სხვა ცნობები
გამოცემის, წარმოების, დისტრიბუციის... ადგილი თბილისი :
გამოცემის, წარმოების, დისტრიბუციის... სახელწოდება აგორა,
გამოცემის, წარმოების, დისტრიბუციის... თარიღი 2014.
300 ## - ფიზიკური აღწერა
Extent 343 გვ. ;
Dimensions 17 სმ.
500 ## - ზოგადი შენიშვნა
General note გამოიცა ფრანგული ინ-ტის საგამომცემლო დახმარების პროგრამის ფარგლებში
500 ## - ზოგადი შენიშვნა
General note შენიშვნები : გვ. 341-343
653 ## - INDEX TERM--UNCONTROLLED
Uncontrolled term კაციჭამიათა საბედნიეროდ
653 ## - INDEX TERM--UNCONTROLLED
Uncontrolled term რომანი
700 ## - ADDED ENTRY--PERSONAL NAME
Personal name ბოსტოღანაშვილი, მ.
Relator term მთარგმნელი
9 (RLIN) 23791
700 ## - ADDED ENTRY--PERSONAL NAME
Personal name ხოსრუაშვილი, ნ.
Relator term ყდის დიზაინერი
9 (RLIN) 23792
942 ## - ADDED ENTRY ELEMENTS (KOHA)
Koha item type წიგნი
Source of classification or shelving scheme
ეგზემპლარები
ჩამოწერის სტატუსი დაკარგული ეგზემპლარის სტატუსი კლასიფიკაციის წყარო ან თაროზე გაწყობის სქემა დაზიანების სტატუსი არ გაიცემა მუდმივი მდებარეობა (დაცვის ადგილი) ამჟამინდელი ადგილსამყოფელი თაროზე განთავსების ადგილი შეძენის თარიღი სრული შენახვის შიფრი შტრიხკოდი ბოლო ოპერაციის თარიღი ეგზემპლარის მიმდევრობითი ნომერი (კეტერი?) ფასის ძალაში შესვლის თარიღი ეგზემპლარის სახეობა
          ბათუმის შოთა რუსთაველის სახელმწიფო უნივერსიტეტის მთავარი ბიბლიოთეკა ბათუმის შოთა რუსთაველის სახელმწიფო უნივერსიტეტის მთავარი ბიბლიოთეკა წიგნსაცავი 2018-12-17 821.133.1-31 პ-27 27467 2018-12-17 27467 2018-12-17 წიგნი